000 00596nam a2200229Ia 4500
003 OSt
005 20220928103356.0
006 a|||||r|||| 00| 0
007 ta
008 220927b |||||||| |||| 00| 0 eng d
024 _a46010
037 _cTextual
040 _aSDCL
_cSDCL
_beng
041 _2eng
_aeng
082 _aO15,1M95,1, L4
100 _aChhaju Ram
_9403818
245 0 _aShivkathamrint mahakavyam.
260 _aDelhi
_bMeharchand Lachhaman
_c1974
300 _a213p
_ccm.
942 _hO15,1M95,1, L4
_cTEXL
_2CC
999 _c719590
_d719590